000 00608cam a2200217 4500500
005 20260405003449.0
041 _afre
042 _adc
100 1 0 _aLarmagnac-Matheron, Octave
_eauthor
245 0 0 _aPlaisirs de la tablette
260 _c2022.
500 _a73
690 _aGoût
690 _aMinkowski
690 _aMystère
690 _aNumérique
690 _aRestaurant
690 _aSens
786 0 _nPhilosophie magazine | 157 | 3 | 2022-03-01 | p. 4-4 | 1951-1787
856 4 1 _uhttps://shs.cairn.info/magazine-philosophie-magazine-2022-3-page-4?lang=fr&redirect-ssocas=7080
999 _c2067783
_d2067783